1061 1326 1751 1967 1576 1629 1397 1357 1908 1249 1616 1586 1439 1825 1233 1680 1388 1252 1742 1906 1645 1631 1436 1984 1733 1437 1613 1542 1872 1254 1375 1399 1941 1902 1872 1000 1341 1558 1620 1121 1774 1701 1582 1438 1610 1558 1627 1748 1610 1250 1455 1997 1883 1574 1095 1856 1254 1255 1800 1290 1385 1394 1806 1579 1791 1896 1079 1042 1446 1465 1313 1410 1877 1404 1358 1085 1542 1756 1621 1763 1163 1657 1551 1205 1317 1539 1991 1197 1614 1545 1294 1716 1110 1184 1806 1142 1605 1213 1499 BCNSPRNW ULIB Ver.6.0+V

เปลี่ยนเป็นภาษาไทย

Change to English
 แสดงรายละเอียดบรรณานุกรม
  กลับหน้าหลัก

Brief Record : Get Marc (ISO 2709) : E-mail record : QR code < ปิดหน้าต่าง
LEADER : 00000nam 2200000uu 4500
001    13399113116
003     ULIB
008    110927s2546||||th 000 0 tha d
020    9744840625
050  4 Q175.5^bส778ศ 2546
100 0  สุทัศน์ ยกส้าน
245 10 ศาสตร์พิศวง /^cสุทัศน์ ยกส้าน
260    กรุงเทพฯ :^bสารคดี,^c2546
300    204 หน้า :^bภาพประกอบ ;^c21 ซม.
440  0 วิทยาการแห่งอารยะ
591    cl มี พิมพ์ครั้งที่ 2 (ปี 2546)
650  4 วิทยาศาสตร์^vรวมเรื่อง
653    Open Your Eyes Project
945    ^p140^l0^i015986
995    ทศพร
999 ^a ทศพร
รายการนี้ยังไม่มีแท็ก
คุณยังไม่ได้ล็อกอิน คุณสามารถมีกิจกรรมร่วมกับเว็บไซต์ได้ แต่ต้องล็อกอินก่อน ::
  ล็อกอิน

รายการสื่อสารสนเทศ

ลำดับที่ ประเภท เลขเรียก/บาร์โค้ด สถานที่ สถานะ
- ไม่พบข้อมูล -

รายการใกล้เคียง
    ผู้แต่ง [สุทัศน์ ยกส้าน]

BibComment


ยังไม่เคยถูกคอมเมนท์

คอมเมนท์ทรัพยากรรายการนี้
  คอมเมนท์: ศาสตร์พิศวง สุทั..


 Copyright 2026. Bcnsprnw @Library